| Record ID | ia:scenesfromgerman0000roge |
| Source | Internet Archive |
| Download MARC XML | https://archive.org/download/scenesfromgerman0000roge/scenesfromgerman0000roge_marc.xml |
| Download MARC binary | https://www.archive.org/download/scenesfromgerman0000roge/scenesfromgerman0000roge_meta.mrc |
LEADER: 00818cam a2200265 i 4500
001 77025495
003 DLC
005 20050203155201.0
008 771122s1978 nyua 001 0 eng
010 $a 77025495
020 $a0060455462
040 $aDLC$cDLC$dDLC
041 0 $aengger
050 00 $aPF3117$b.R55
082 00 $a438.3/4/21
100 1 $aRogers, R. Max,$d1918-
245 10 $aScenes from German drama :$ba review grammar and reader /$cR. Max Rogers, Arthur R. Watkins, Walter H. Speidel.
260 $aNew York :$bHarper & Row,$cc1978.
300 $axv, 312 p. :$bill. ;$c24 cm.
500 $aIncludes index.
650 0 $aGerman language$vReaders.
650 0 $aGerman language$xGrammar.
650 0 $aGerman drama.
700 1 $aWatkins, Arthur Rich,$d1916-
700 1 $aSpeidel, Walter H.,$ejoint author.